Quy định về tự kê khai, tự nộp thuế

Giới thiệu các quyết định, thông tư của Chính phủ về hướng dẫn thực hiện cơ chế cơ sở sản xuất, kinh doanh tự kê khai, tự nộp thuế.

Shranjeno v:
Bibliografske podrobnosti
Format: Knjiga
Jezik:Undetermined
Izdano: Hà Nội Chính trị Quốc gia 2006
Teme:
Oznake: Označite
Brez oznak, prvi označite!
Thư viện lưu trữ: Trung tâm Học liệu Trường Đại học Cần Thơ
LEADER 00765nam a2200205Ia 4500
001 CTU_111786
008 210402s9999 xx 000 0 und d
020 |c 13000 
082 |a 343.59704 
082 |b Qu600 
245 0 |a Quy định về tự kê khai, tự nộp thuế 
260 |a Hà Nội 
260 |b Chính trị Quốc gia 
260 |c 2006 
520 |a Giới thiệu các quyết định, thông tư của Chính phủ về hướng dẫn thực hiện cơ chế cơ sở sản xuất, kinh doanh tự kê khai, tự nộp thuế. 
650 |a Taxation 
650 |x Law and legislation 
650 |z Vietnam 
904 |i Giang 
980 |a Trung tâm Học liệu Trường Đại học Cần Thơ